Vybrané výsledky výskumnej činnosti ČSAV a SAV 1980 vedy o neživej prírode

Saved in:
Bibliographic Details
Format: Book
Language:Slovak
Published: Praha Academia 1981
Tags: Add Tag
No Tags, Be the first to tag this record!

MARC

LEADER 00000nam a2200000 4500
001 c131382
005 20041019155252.2
041 0 |a slo 
044 |a CZ 
245 1 0 |a Vybrané výsledky výskumnej činnosti ČSAV a SAV 1980  |b vedy o neživej prírode 
264 1 |a Praha  |b Academia  |c 1981 
300 |a 235 s.